Normal view MARC view
  • Sivabalan T & Vimala G

Entry Personal Name

Number of records used in: 1

001 - CONTROL NUMBER

  • control field: 180529

003 - CONTROL NUMBER IDENTIFIER

  • control field: OSt

005 - DATE AND TIME OF LATEST TRANSACTION

  • control field: 20230314162705.0

008 - FIXED-LENGTH DATA ELEMENTS

  • fixed length control field: 230314|| aca||aabn | a|a d

040 ## - CATALOGING SOURCE

  • Original cataloging agency: OSt
  • Transcribing agency: OSt

100 ## - HEADING--PERSONAL NAME

  • Personal name: Sivabalan T & Vimala G

670 ## - SOURCE DATA FOUND

  • Source citation: Work cat.: (OSt)143209: Sivabalan T & Vimala G, Textbook Of Nursing Research And Statistics For Undergraduates, 2019